Queen of the air : a true story of love and ... Read More
Available copies
- 1 of 1 copy available at LARL/NWRL Consortium.
Current holds
0 current holds with 1 total copy.
Show Only Available Copies
| Location | Call Number / Copy Notes | Barcode | Shelving Location | Status | Due Date |
|---|---|---|---|---|---|
| Fosston Public Library | 921 LEI (Text) | 33500011597655 | Main | Available | - |
Record details
- ISBN: 9780307986566 (hbk.)
- ISBN: 030798656X (hbk.)
- Physical Description: 327 p. : ill. ; 24 cm.
- Edition: 1st ed.
- Publisher: New York : Crown Publishers, c2013.
Content descriptions
| Bibliography, etc. Note: | Includes bibliographical references and index. |
| Summary, etc.: | The life and career of circus star Lillian ... Read More Queen of the Air brings the circus world to life ... Read More |
Search for related items by subject
| Subject: | Leitzel, Lillian. Aerialists > United States > Biography. Women circus performers > United States > Biography. |
| LDR | 02592cam a2200433 a 4500 | ||
|---|---|---|---|
| 001 | 157741 | ||
| 003 | LARL_NWRL_CONSORTIUM | ||
| 005 | 20131011112022.0 | ||
| 008 | 120515s2013 nyua b 001 0beng | ||
| 010 | . | ‡a2012018066 | |
| 016 | 7 | . | ‡a016307587 ‡2Uk |
| 019 | . | ‡a826452527 ‡a851568168 | |
| 020 | . | ‡a9780307986566 (hbk.) | |
| 020 | . | ‡a030798656X (hbk.) | |
| 035 | . | ‡a(OCoLC)794176333 ‡z(OCoLC)826452527 ‡z(OCoLC)851568168 | |
| 040 | . | ‡aDLC ‡beng ‡cDLC ‡dIG# ‡dYDXCP ‡dOCLCO ‡dBTCTA ‡dIEB ‡dGPI ‡dGK8 ‡dBUR ‡dCDX ‡dMOF ‡dTOH ‡dBDX ‡dUKMGB ‡dZQP ‡dCO2 ‡dB@L ‡dJP3 | |
| 043 | . | ‡an-us--- | |
| 050 | 0 | 0. | ‡aGV1811.L424 ‡bJ46 2013 |
| 082 | 0 | 0. | ‡a791.3/4092 ‡aB ‡223 |
| 100 | 1 | . | ‡aJensen, Dean. |
| 245 | 1 | 0. | ‡aQueen of the air : ‡ba true story of love and tragedy at the circus / ‡cDean Jensen. |
| 250 | . | ‡a1st ed. | |
| 260 | . | ‡aNew York : ‡bCrown Publishers, ‡cc2013. | |
| 300 | . | ‡a327 p. : ‡bill. ; ‡c24 cm. | |
| 336 | . | ‡atext ‡btxt ‡2rdacontent | |
| 337 | . | ‡aunmediated ‡bn ‡2rdamedia | |
| 338 | . | ‡avolume ‡bnc ‡2rdacarrier | |
| 520 | . | ‡aThe life and career of circus star Lillian Leitzel. | |
| 520 | . | ‡aQueen of the Air brings the circus world to life through the story of trapeze artist and circus performer Leitzel, the most famous woman in the world at the turn of the 20th century. Like some of today's stars, she was known to her vast public by just one name. Born into Dickensian circumstances, Leitzel became a princess and then a queen. At just four-foot-ten and less than 100 pounds, she was the biggest star ever of the biggest circus ever, Ringling Bros. and Barnum & Bailey. Leitzel had many suitors (and three husbands), but only one man ever fully captured her heart: Alfredo Codona, the greatest trapeze flyer that had ever lived, the only performer of his time to execute the deadliest of all big-top feats, The Triple--which took the lives of more daredevils than any other circus stunt. When Leitzel and Alfredo died, each tragically, the heyday of the Big Top came to an end.--From publisher description. | |
| 504 | . | ‡aIncludes bibliographical references and index. | |
| 600 | 1 | 0. | ‡aLeitzel, Lillian. |
| 650 | 0. | ‡aAerialists ‡zUnited States ‡vBiography. | |
| 650 | 0. | ‡aWomen circus performers ‡zUnited States ‡vBiography. | |
| 948 | . | ‡hNO HOLDINGS IN LAL - 431 OTHER HOLDINGS | |
| 994 | . | ‡aZ0 ‡bLAL | |
| 901 | . | ‡a157741 ‡bOCLC ‡c157741 ‡tbiblio | |

Add to basket
Permalink
Enable Highlighting